000 00513nam a2200181Ia 4500
008 090123s9999 xx 000 0 und d
082 _b26833
100 _aखेर भा.द.
245 _aस्मृतीगंगा
250 _a0
260 _bनवचैतन्य प्रकाशन
_c1997
300 _a163
600 _aखेर भा.द.
630 _aस्मृतीगंगा
700 _aखेर भा.द.
730 _aस्मृतीगंगा
942 _cBOOK
999 _c64902
_d64902